| 000 | 00529nam a22001817a 4500 | ||
|---|---|---|---|
| 003 | CEME | ||
| 005 | 20210628201807.0 | ||
| 008 | 210216b xxu||||| |||| 00| 0 eng d | ||
| 020 | _a0-471-01583-0 | ||
| 040 | _c. | ||
| 082 | _a004.21 SAG | ||
| 100 |
_aSage, Andrew.P _92253 |
||
| 245 | _aSystems management for information technology and software engineering | ||
| 260 |
_aNEW YORK _bJOHN WILEY _c1995 |
||
| 300 | _aXIII,605P | ||
| 650 |
_aSYSTEM DESIGN INFORMATIVE TECHNOLOGY SOFTWARE ENGINEERING _956862 |
||
| 942 |
_cBK _2ddc |
||
| 999 |
_c567194 _d567194 |
||